Pilotes du GP explorer 1ère édition - Statistiques

Statistiques générales
  • Ce quiz a été pris 1 681 fois
  • Le résultat moyen est 17 sur 22
Statistiques - réponses
Hint Réponse % Correct
Modern Warfare II Squeezie
99%
Modern Warfare II Gotaga
97%
World of Tanks Amixem
93%
World of Tanks Etienne
91%
Rhinoshield Joyca
90%
Nord VPN Sylvain
86%
PUBG Mobile Le Bouseuh
85%
Nord VPN Pierre
84%
Alpine Djilsi
82%
Igraal Seb
81%
Oscaro Depielo
80%
Fruitz Deujna
77%
Alpine Manon
74%
Black Adam Prime
74%
Rhinoshield Theobabac
74%
PUBG Mobile Kaatsup
73%
Oscaro Valouzz
73%
Fruitz Dobby
66%
Igraal Sofyan
64%
Cupra Domingo
61%
Cupra Xari
59%
Black Adam Befresh / BIBI
52%
Aucun quiz correspondant
Distribution des résultats
% des personnes avec chaque résultat
Percentile par nombre de réponses
Votre historique - résultats
Vous n’avez pas pris ce quiz